<?xml version="1.0" encoding="UTF-8"?>
<record
    xmlns:xsi="http://www.w3.org/2001/XMLSchema-instance"
    xsi:schemaLocation="http://www.loc.gov/MARC21/slim http://www.loc.gov/standards/marcxml/schema/MARC21slim.xsd"
    xmlns="http://www.loc.gov/MARC21/slim">

  <leader>00709nam a22001937a 4500</leader>
  <datafield tag="999" ind1=" " ind2=" ">
    <subfield code="c">170968</subfield>
    <subfield code="d">170968</subfield>
  </datafield>
  <controlfield tag="005">20200101102342.0</controlfield>
  <datafield tag="010" ind1=" " ind2=" ">
    <subfield code="a">A-511321</subfield>
  </datafield>
  <datafield tag="020" ind1=" " ind2=" ">
    <subfield code="c">100.00</subfield>
    <subfield code="a">-</subfield>
  </datafield>
  <datafield tag="035" ind1=" " ind2=" ">
    <subfield code="a">A-511321</subfield>
  </datafield>
  <datafield tag="037" ind1=" " ind2=" ">
    <subfield code="b">BPPD</subfield>
  </datafield>
  <datafield tag="082" ind1=" " ind2=" ">
    <subfield code="a">841</subfield>
  </datafield>
  <datafield tag="100" ind1=" " ind2=" ">
    <subfield code="a">&#x635;&#x648; &#x641;&#x6CC; &#x62C;&#x6D2; &#x627; &#x64A;&#x645; &#x631; &#x6C1;&#x628;&#x631;  </subfield>
  </datafield>
  <datafield tag="245" ind1=" " ind2=" ">
    <subfield code="a">&#x627; &#x633;&#x631; &#x627; &#x631; &#x645;&#x62D;&#x628;&#x62A;</subfield>
    <subfield code="c">&#x635;&#x648; &#x641;&#x6CC; &#x62C;&#x6D2; &#x627; &#x64A;&#x645; &#x631; &#x6C1;&#x628;&#x631; </subfield>
  </datafield>
  <datafield tag="246" ind1=" " ind2=" ">
    <subfield code="a">Israr-e-Mohabat (Urdu)</subfield>
    <subfield code="b">by Sufi J.M.Rehber</subfield>
  </datafield>
  <datafield tag="260" ind1=" " ind2=" ">
    <subfield code="a">Lucknow</subfield>
    <subfield code="c">1992 &#x621; </subfield>
    <subfield code="b">Sufi J.M.Rehber                                                                      </subfield>
  </datafield>
  <datafield tag="270" ind1=" " ind2=" ">
    <subfield code="a">Mohd.Yaseen Bartan Wale,D-52,Gali-1,Mohan puri Yamuna Vihar Road,Gonda</subfield>
    <subfield code="b">Delhi</subfield>
    <subfield code="k">-</subfield>
    <subfield code="e">110053</subfield>
  </datafield>
  <datafield tag="300" ind1=" " ind2=" ">
    <subfield code="a">166 &#x635;</subfield>
    <subfield code="c">22 cm(hb)</subfield>
  </datafield>
  <datafield tag="942" ind1=" " ind2=" ">
    <subfield code="2">ddc</subfield>
    <subfield code="c">UR</subfield>
    <subfield code="h">841</subfield>
    <subfield code="m">&#x631; &#x6C1; &#x628;  </subfield>
  </datafield>
  <datafield tag="952" ind1=" " ind2=" ">
    <subfield code="0">0</subfield>
    <subfield code="1">0</subfield>
    <subfield code="4">0</subfield>
    <subfield code="7">0</subfield>
    <subfield code="8">NFIC</subfield>
    <subfield code="a">L</subfield>
    <subfield code="b">L</subfield>
    <subfield code="d">2019-12-31</subfield>
    <subfield code="e">BPPD/Ven.</subfield>
    <subfield code="g">100.00</subfield>
    <subfield code="l">0</subfield>
    <subfield code="o">841 &#x631; &#x6C1; &#x628;</subfield>
    <subfield code="p">A-511321</subfield>
    <subfield code="r">2019-12-31 00:00:00</subfield>
    <subfield code="t">1</subfield>
    <subfield code="v">100.00</subfield>
    <subfield code="y">UR</subfield>
  </datafield>
</record>
